000 00908nam a2200241 i 4500
001 106464
003 ES-MaACL
005 20250812062525.0
007 t|
008 221106s1961 sp |||| | spa d
080 _a338.1(460)"1939/75"
100 1 _aPerpiñá Rodríguez, Antonio.
_991331
245 1 3 _aLa estructura económica de la sociedad española /
_cAntonio Perpiñá Rodríguez.
260 _aMadrid :
_bAteneo,
_c1961.
300 _a64 p. ;
_c19 cm.
490 1 _aColección "O crece o muere" ;
_v149
594 _aEste trabajo fue dado a conocer por su autor en la conferencia pronunciada en el Colegio Mayor de la Moncloa, en Madrid, el día 22 de mayo de 1959.
651 4 _aEspaña-
_xSituación económica-
_y1955-1975.
_9171815
710 2 _aAteneo de Madrid.
_91875
830 1 0 _aColección "O crece o muere"
_v149
_9183476
852 _aES-MaACL
_j2208-F-2
999 _c106464
_d106464